000 003200000a22000970004500
100 1 _aBuenaventura, Nicolás
245 1 0 _aGalan sigue creciendo : Nicolás Buenaventura, reflexiona sobre la vigencia de los ideales del caudillo
300 _aVol. 62, Num. 62 (Agosto, 1994), Página 22
773 0 _tCambio 16
942 _cANA
999 _c58582
_d58582